Budovanie obchodných vzťahov so zákazníkmi

Dobrý marketing je kombináciou kvality a kvantity. Potenciálny zákazník chce poznať firemné meno a ľudí z firmy. Rôzne metódy prezentácie firmy: veľtrhy, výstavy, kongresy, priamy písomný kontakt, reklama, komisie a asociácie, prednášky, semináre, panelové diskusie, pohostenie kľúčových zákazníkov.

Saved in:
Bibliographic Details
Main Author: Baláž, Peter
Format: Book Chapter
Language:Slovak
Subjects:
Tags: Add Tag
No Tags, Be the first to tag this record!

MARC

LEADER 00000naa a2200000 4500
001 r019598
005 20221213100734.9
041 0 |a slo 
044 |a SK 
245 1 0 |a Budovanie obchodných vzťahov so zákazníkmi  |c Peter Baláž 
520 |a Dobrý marketing je kombináciou kvality a kvantity. Potenciálny zákazník chce poznať firemné meno a ľudí z firmy. Rôzne metódy prezentácie firmy: veľtrhy, výstavy, kongresy, priamy písomný kontakt, reklama, komisie a asociácie, prednášky, semináre, panelové diskusie, pohostenie kľúčových zákazníkov. 
610 2 0 |a marketing 
610 2 0 |a zákazníci 
610 2 0 |a firmy 
610 2 0 |a výstavy 
610 2 0 |a veľtrhy 
610 2 0 |a kongresy 
610 2 0 |a reklama 
610 2 0 |a semináre 
100 1 |a Baláž, Peter